Odpisovanie drobného investičného majetku

Odpisovanie drobného hmotného a nehmotného investičného majetku podľa zákona č.286/1992 Zb. o daniach z príjmov. Vymedzenie pojmov hmotný a nehmotný majetok. Drobný hmotný investičný majetok a drobný nehmotný investičný majetok. Spôsob odpisovania a účtovania drobného hmotného a nehmotného investičn...

Descrizione completa

Salvato in:
Dettagli Bibliografici
Autore principale: Kováčová, Z.
Natura: Capitolo di libro
Lingua:slovacco
Soggetti:
Tags: Aggiungi Tag
Nessun Tag, puoi essere il primo ad aggiungerne!!

MARC

LEADER 00000naa a2200000 4500
001 r019311
005 20221213100144.6
041 0 |a slo 
044 |a SK 
245 1 0 |a Odpisovanie drobného investičného majetku  |c Z. Kováčová 
520 |a Odpisovanie drobného hmotného a nehmotného investičného majetku podľa zákona č.286/1992 Zb. o daniach z príjmov. Vymedzenie pojmov hmotný a nehmotný majetok. Drobný hmotný investičný majetok a drobný nehmotný investičný majetok. Spôsob odpisovania a účtovania drobného hmotného a nehmotného investičného majetku. 
610 2 0 |a odpisy 
610 2 0 |a majetok investičný 
610 2 0 |a majetok hmotný 
610 2 0 |a majetok nehmotný 
610 2 0 |a účtovanie 
610 2 0 |a zákony 
610 2 0 |a dane z príjmov 
610 2 0 |a 1992 
100 1 |a Kováčová, Z.